| 000 | 00439cam a2200181 4500 | ||
|---|---|---|---|
| 008 | 090401t1987 xxu||||| |||| 00| 0 eng d | ||
| 020 | _a0105431877 | ||
| 035 | _a(Sirsi) u29187 | ||
| 041 | _aeng | ||
| 110 |
_aUnited Kingdom _kLaws, etc _95044 |
||
| 245 | _aLandlord and Tenant Act 1987 | ||
| 260 |
_aLondon _bHMSO _c1987 |
||
| 300 | _a68p | ||
| 350 | _a0 | ||
| 690 |
_aLandlord and tenant _96252 |
||
| 942 | _n0 | ||
| 948 | _c04/03/1997 | ||
| 999 |
_c89402 _d89402 |
||